Využitie moderných programovacích jazykov pri výuke a v praxi v oblasti hospodárskej informatiky

Porovnanie základných vlastností vybraných programovacích jazykov (C/C++ a Java) používaných aj na tvorbu informačných systémov a vo výučbe predmetov z oblasti hospodárskej informatiky. Analýza rozdielov medzi nimi.

Gespeichert in:
Bibliographische Detailangaben
1. Verfasser: Poľanský, Peter
Weitere Verfasser: Polášek, Ivan
Format: Buchkapitel
Sprache:Slowakisch
Schlagworte:
Tags: Tag hinzufügen
Keine Tags, Fügen Sie das erste Tag hinzu!

MARC

LEADER 00000naa$a2200000$$$4500
001 0004367
005 20231005082639.8
041 0 |a slo 
044 |a SK 
245 1 0 |a Využitie moderných programovacích jazykov pri výuke a v praxi v oblasti hospodárskej informatiky  |c Peter Poľanský, Ivan Polášek 
520 |a Porovnanie základných vlastností vybraných programovacích jazykov (C/C++ a Java) používaných aj na tvorbu informačných systémov a vo výučbe predmetov z oblasti hospodárskej informatiky. Analýza rozdielov medzi nimi. 
610 2 0 |a jazyky programovacie 
610 2 0 |a vyučovanie 
610 2 0 |a vyučovanie programové 
610 2 0 |a informatika 
610 2 0 |a informatika ekonomická 
100 1 |a Poľanský, Peter 
700 1 |a Polášek, Ivan